| 000 | 00601nam a2200205 i 4500 | ||
|---|---|---|---|
| 001 | 47556 | ||
| 003 | ES-MaACL | ||
| 005 | 20231226204632.0 | ||
| 007 | t| | ||
| 008 | 030505s1916 sp ||||1| spa d | ||
| 080 | _a821.134.2-32"19" | ||
| 100 | 1 |
_aPérez de Ayala, Ramón, _d1880-1962 _990763 |
|
| 245 | 1 | 0 |
_aLuz de domingo / _cnovela inédita por Ramón Pérez de Ayala. |
| 260 |
_aMadrid : _bLa Novela Corta, _c1916. |
||
| 300 |
_a34 p. ; _c19 cm. |
||
| 490 | 1 |
_aLa novela corta ; _v13 |
|
| 830 | 1 |
_aLa novela corta ; _v13 _9182142 |
|
| 852 | 4 |
_aES-MaACL _jG-4947(13) |
|
| 999 |
_c47556 _d47556 |
||